000
00370nam a2200181Ia 4500
001
7055
005
20250626030140.0
008
211022s9999 xx 000 0 und d
020
_a
0600369145
082
_a
759.13 BUS
100
_a
Busignani, Alberto
245
0
_a
Pollock
260
_a
London
260
_b
Hamlyn
260
_c
1970
300
_a
96
942
_c
BK
999
_c
7495
_d
7495